00485nam a2200157Ia 450000500170000000800410001708200130005824500320007126000370010330000130014050000360015370000180018994200060020795200990021399900150031220250317052321.0240331s9999 xx 000 0 und d bPANa894 0aPanmuga aaivil kailasapathy aChennaibSouth Asian Booksc1992 a244 p ., aA collection of Thirteen Essays aSuriya. eedt cL 001040708LaWERCLbWERCLcSSCd2024-03-31l0o 894.811 PANp1415r2024-03-31w2024-03-31yL c4079d4079